| 000 | 00764nam a2200241 i 4500 | ||
|---|---|---|---|
| 001 | 105945 | ||
| 003 | ES-MaACL | ||
| 005 | 20240126063005.0 | ||
| 007 | t| | ||
| 008 | 060913s1953 fr ||||1| fre d | ||
| 080 | _a929 Proust, Marcel | ||
| 100 | 1 |
_aProust, Marcel, _d1871-1922 _994056 |
|
| 245 | 1 | 0 |
_aMarcel Proust par lui-même _b: images et textes présentés / _cpar Claude Mauriac. |
| 260 |
_aParis : _bSeuil, _c1953. |
||
| 300 |
_a189 p. : _bil. ; _c18 cm. |
||
| 490 | 1 | _aEcrivains de toujours | |
| 500 | _aBiblioteca Juan Andrade. | ||
| 600 | 1 | 4 |
_aProust, Marcel, _d1871-1922 _994056 |
| 700 | 1 |
_aMauriac, Claude. _979250 |
|
| 830 | 0 |
_aEcrivains de toujours _9185128 |
|
| 852 |
_aES-MaACL _jAND-876 _bR.110164 |
||
| 999 |
_c105945 _d105945 |
||